000 00758nam a22002177a 4500
005 20151201122401.0
010 _a ENG-114191-192
020 _a9789351435518 (set of 2 vols.)
_c3995.00 (set price)
035 _aEN-97723-724
037 _bDBAD/PUB
082 _a343.5407
100 _aRao, E.M.
245 _aO.P. Malhotra's the law of industrial disputes /
_cby E.M. Rao
250 _a7th ed
260 _aGurgaon
_bLexisNexis
_c2015
270 _a14th Floor, Building No 10, Tower- B, DLF Cyber City , Phase-II,
_bGurgaon
_e122002
300 _a2V.(cxcviii,964,43p.; ccvi,965-2024,43p.)
_c25cm(Hb)
500 _aIncludes index
505 _av.1-Sections 1 to 11; v.2-Sections 11A to schedule 5
942 _2ddc
_cEN
_mRAO
_h343.5407
999 _c97599
_d97599